Città con più Grattacieli - Statistics

Statistiche generali
  • Questo quiz è stato fatto 61 volte
  • Il punteggio medio è 10 su 15
Statistiche sulle risposte
Numero di Grattacieli Nazione Città % Corretto
317 Stati Uniti New York
100%
175 Giappone Tokyo
100%
269 Emirati Arabi Uniti Dubai
96%
197 Cina Shanghai
89%
127 Thailandia Bangkok
87%
193 Malaysia Kuala Lumpur
83%
137 Stati Uniti Chicago
81%
117 Indonesia Giacarta
76%
567 Cina Hong Kong
74%
106 India Mumbai
61%
193 Cina Wuhan
48%
149 Cina Chongqing
24%
204 Cina Guangzhou
22%
127 Cina Chengdu
17%
444 Cina Shenzhen
11%
Nessun quiz corrispondente trovato
Distribuzione punteggi
Percentuale di utenti per punteggio
Percentile per numero di risposta
I tuoi punteggi nel tempo
Non hai fatto questo quiz